00715pam a2200217 a 4500020001500000020002200015040000800037082002600045100001800071245007200089260008100161300003500242500002000277650001500297650001300312650001300325650002100338700002000359856006300379856005500442 a0521268893 a0521317096 (pbk.) cDLC00a418 CAM 1986 A023 Or.1 aGairns, Ruth.10aWorking with words :ba guide to teaching and learning vocabulary / aCambridge [Cambridgeshire] ;aNew York :bCambridge University Press,c1986. aviii, 200 p. :bill. ;c24 cm. aIncludes index. 0aVocabulary 0aTeachers 0aTeaching 0aEnglish language1 aRedman, Stuart.42uhttp://www.loc.gov/catdir/description/cam023/85030871.html41uhttp://www.loc.gov/catdir/toc/cam026/85030871.html